| 000 | 00413nam a2200157Ia 4500 | ||
|---|---|---|---|
| 003 | LK-CoDNM | ||
| 008 | 010623t1962 xxu||||| |||| 00| 1 eng d | ||
| 040 |
_aLK-CoDNM _dLK-CoDNM _eLK-CoDNM |
||
| 041 | _aeng | ||
| 080 | _a327(51) BOY | ||
| 100 | _aBoynd,R.G | ||
| 245 | _aCommunist China's Foreign Policy | ||
| 260 |
_bFrederick A. Praeger Publishers _aNew York _c1962 |
||
| 300 | _b147p.;21 cm cm | ||
| 942 | _cBK | ||
| 999 |
_c105875 _d105875 |
||